| 000 | 003920000a22001450004500 | ||
|---|---|---|---|
| 003 | MACL | ||
| 040 | _aMACL | ||
| 090 |
_c4304 _d4303 |
||
| 100 | _aBalasubramanian, R | ||
| 245 |
_aPerspectives In Philosophy, Religion And art _bEssays in Hounour of Margaret Chatterjee |
||
| 260 |
_bIndian Council of Philosophical research _c1993 |
||
| 350 | _a175 | ||
| 650 | _aPhilosophy | ||
| 942 |
_cBOOK _k100 |
||
| 999 |
_c4270 _d4270 |
||